000 00550nam a2200193Ia 4500
008 240729s9999 xx 000 0 und d
022 _a1932-8737
245 0 _aClinical Cardiology
260 _aUnited States
260 _bWiley
650 _a Diseases of the circulatory (Cardiovascular) system
650 _a Internal medicine
650 _a Specialties of internal medicine
650 _a Surgery | Medicine
650 _aMedicine
856 _uhttps://doaj.org/toc/b800b5431e384fc8b2e2587f6841e5df
942 _2ddc
942 _cDOAJEJ
999 _c72650
_d72650
945 _a1
_bMadushi Gamage
_c1
_dMadushi Gamage